| 000 | 01597cam a22002655a 4500 | ||
|---|---|---|---|
| 001 | L135682 | ||
| 008 | 061124s2007 xxk f 001 0 eng u | ||
| 020 |
_a1405159243 _a9781405159241 |
||
| 035 | _a(Sirsi) u135682 | ||
| 050 | 0 | 4 | _a692.8 $2 18 |
| 100 | _aChappell, David | ||
| 245 | 0 | 4 |
_aThe JCT design and build contract 2005 _h[electronic resource] |
| 250 | _a3rd ed. | ||
| 260 |
_aOxford _bBlackwell Publishing _c2007 |
||
| 300 | _aeBook | ||
| 505 | 1 | _aIntroduction -- Contract documents -- Design liability -- The contractor's obligations -- The employer's powers and duties -- Sub-contractors and statutory requirements -- Possession, practical completion and rectification -- Extension of time -- Financial claims -- Payment -- Insurance and indemnities -- Termination -- Dispute resolution | |
| 520 | _aThis eBook has been revised to take account of the new contract terms and different structures of 2005 JCT Design and Build Contract. It considers the latest RIBA Terms of Engagement, the standard novation agreements from CIC and the City of London Law Society, and more than 70 additional cases. Discusses problem areas such as the allocation of design responsibility, discrepancies, the role of the employer's agent, payment provisions and the approval of drawings. | ||
| 521 | _aAdvanced | ||
| 590 | _aKA | ||
| 650 | 2 | 4 | _aEBOOK |
| 651 | 4 |
_aUnited Kingdom _y |
|
| 690 | _aBUILT ENVIRONMENT-CONSTRUCTION MANAGEMENT-BUILDING CONTRACT ADMINISTRATION | ||
| 856 | 4 | 1 |
_uhttps://www.vlebooks.com/ _zView on VLEbooks. Logins for members only from [email protected] |
| 942 | _n0 | ||
| 999 |
_c106149 _d106149 |
||